000 00503nmm a2200181Ia 4500
008 251105s9999||||xx |||||||||||||||||und||
020 _a9788491803997
041 _aspa
100 _aAurouet, Carol
245 0 _aDesnos y el cine
264 _a[Madrid, España] :
_bUniversitat Oberta de Catalunya,
_c2019
300 _a102 páginas
650 _aFilm studies
700 _aAurouet, Carol
700 1 _a Córdoba, Marie
856 _uhttps://public.digitaliapublishing.com/a/61726
942 _cCF
999 _c62223
_d62223